Capoluoghi e Iniziali delle Regioni - Quiz n°7 - Statistics

Statistiche generali
  • Questo quiz è stato fatto 25 volte
  • Il punteggio medio è 9 su 10
Statistiche sulle risposte
Hint Risposta % Corretto
Milano L
100%
La Spezia L
95%
Pesaro M
95%
Padova V
95%
Salerno C
89%
Ascoli Piceno M
89%
Lecce P
89%
Vercelli P
89%
Prato T
89%
Firenze T
89%
Nessun quiz corrispondente trovato
Distribuzione punteggi
Percentuale di utenti per punteggio
Percentile per numero di risposta
I tuoi punteggi nel tempo
Non hai fatto questo quiz